Madame Pantalon / (Record no. 156645)
[ view plain ]
| 000 -LEADER | |
|---|---|
| campo de control de longitud fija | 00912nam a2200217 i 4500 |
| 001 - NÚMERO DE CONTROL | |
| campo de control | 156645 |
| 003 - IDENTIFICADOR DE NÚMERO DE CONTROL | |
| campo de control | ES-MaACL |
| 005 - FECHA Y HORA DE LA ÚLTIMA TRANSACCIÓN | |
| campo de control | 20230906210450.0 |
| 008 - DATOS DE LONGITUD FIJA--INFORMACIÓN GENERAL | |
| campo de control de longitud fija | 040803s1869 fr af |||| | fre d |
| 040 ## - FUENTE DE CATALOGACIÓN | |
| Centro catalogador/agencia de origen | CAM |
| Lengua de catalogación | spa |
| Centro/agencia transcriptor | CAM |
| 100 1# - ENTRADA PRINCIPAL--NOMBRE DE PERSONA | |
| Nombre de persona | Kock, Paul de ( |
| Fechas asociadas al nombre | 1793-1871) |
| 9 (RLIN) | 152765 |
| 245 10 - MENCIÓN DEL TÍTULO | |
| Título | Madame Pantalon / |
| Mención de responsabilidad, etc. | Ch. Paul de Kock ; [avec une gravure par Delannoy d'après Bertall]. |
| 260 ## - PUBLICACIÓN, DISTRIBUCIÓN, ETC. | |
| Lugar de publicación, distribución, etc. | Paris : |
| Nombre del editor, distribuidor, etc. | Ferd. Sartorius, éditeur, |
| Fecha de publicación, distribución, etc. | 1869 ( |
| Fabricante | Imp. Simon Raçon et Comp.) |
| 300 ## - DESCRIPCIÓN FÍSICA | |
| Extensión | 278, [2] p., [1] h. lám. ; |
| Dimensiones | 18 cm. |
| 490 1# - MENCIÓN DE SERIE | |
| Mención de serie | Collection illustrée |
| 598 ## - NOTA LOCAL | |
| Nota local | Dato de serie y de lám. consta en la cub. |
| 599 ## - NOTA A LAS ILUSTRACIONES | |
| NOTA A LAS ILUSTRACIONES | La h. de lám.: "F. Delannoy sc., Dupain imp., Royer Collard" |
| 830 0# - PUNTO DE ACCESO ADICIONAL DE SERIE-TÍTULO UNIFORME | |
| Título uniforme | Collection illustrée |
| 9 (RLIN) | 221701 |
| 852 ## - LOCALIZACIÓN | |
| Ubicación | ES-MaACL |
| Número de control de estantería | D-431 |
| Nota libre | -- Enc. hol., conservando la cub. original |
| -- | -- An. ms.: "Aches? à Paris le 20 juin 1872, Galerie de Palais Royal" |
| Estatus retirado | Estado de pérdida | Estado de daño | No para préstamo | Colección | Biblioteca de origen | Biblioteca actual | Ubicación en estantería | Fecha de adquisición | Fuente de adquisición | Total de préstamos | Signatura topográfica completa | Código de barras | Visto por última vez | Precio de reemplazo | Tipo de ítem Koha |
|---|---|---|---|---|---|---|---|---|---|---|---|---|---|---|---|
| Libros del s. XIX | Biblioteca del Ateneo de Madrid | Biblioteca del Ateneo de Madrid | Sala Valle Inclán | 17/01/2008 | D-431 | 901163888 | 23/02/2023 | 23/02/2023 | Libro impreso antiguo |
